000
00364 a2200097 4500
020
_a
9789390924813
100
_a
Rutger Bregman
245
_a
Manushyakulam: prathyasanirbharamaya charithram(മനുഷ്യകുലം: പ്രത്യാശാനിർഭരമായ ചരിത്രം)
260
_b
Manjul publishing house pvt. ltd.
_c
2022
942
_c
OO
999
_c
116153
_d
116152